Tim Burton Actors by Picture - Statistics

General Stats
  • This quiz has been taken 74 times
  • The average score is 20 of 35
Answer Stats
Picture Answer % Correct
Johnny Depp
100%
Jim Carrey
88%
Natalie Portman
86%
Jack Black
83%
Anne Hathaway
80%
Danny DeVito
77%
Helena Bonham Carter
77%
Winona Ryder
77%
Jack Nicholson
75%
Mark Wahlberg
75%
Amy Adams
71%
Nicole Kidman
71%
Michael Keaton
67%
Michelle Pfeiffer
67%
Bill Murray
64%
Ewan McGregor
62%
Jenna Ortega
59%
Michael J. Fox
58%
Sarah Jessica Parker
54%
Steve Buscemi
52%
Susan Sarandon
49%
Alec Baldwin
48%
Drew Barrymore
48%
Tommy Lee Jones
48%
Christina Ricci
46%
Glenn Close
42%
Geena Davis
41%
Paul Giamatti
38%
Paul Reubens
36%
Christopher Lee
29%
Kim Basinger
28%
Marion Cotillard
26%
Alan Arkin
23%
Billy Dee Williams
22%
Michael Clark Duncan
10%
No matching quizzes found
Score Distribution
Percent of People with Each Score
Percentile by Number Answered
Your Score History
You have not taken this quiz